Datum a čas kvízu
43.5
Celkem bodů
Celkový počet nahraných bodů na tomto kvízu bez doplňovacích otázek.
1.
Pořadí na kvízu
Konečné umístění týmu na tomto kvízu.
Zaznamenané odpovědi
| # | Otázka | Odpověď | Body | Výsledky |
|---|---|---|---|---|
| 1. | Jaroslav Němec z Bystrého na S... | hlemýždi (šneci) | 1 | |
| 2. | Tento ruský opoziční politik v... | Boris Naděždin | 1 | |
| 3. | Minulý týden v sobotu se konal... | Ples jako Brno | 1 | |
| 4. | Které město jako první v České... | Brno | 0 | |
| 5. | Po závěrečné siréně nedělního... | Sparta Praha, Třinec | 0 | |
| 6. | Nejvíce dvojčat na světě se ro... | Nigérie | 1 | |
| 7. | Dvojčata mohou na počátku nitr... | chiméra | 1 | |
| 8. | Jako dvojčata byly označovány... | WTC | 1 | |
| 9. | Jak se jmenuje herec, jehož dv... | Kiefer Sutherland | 1 | |
| 10. | Na závěr tématu se podíváme na... | paterčata | 1 |